[Event "Ostrava op-B"]
[Site "Ostrava"]
[Date "2003.05.06"]
[Round "5"]
[White "Baron, Jaroslav"]
[Black "Klimes, Jan"]
[Result "1/2-1/2"]
[WhiteElo "1669"]
[BlackElo "1742"]
[PlyCount "39"]
[EventDate "2003.05.03"]
[EventType "swiss"]
[EventRounds "10"]
[EventCountry "CZE"]
[SourceTitle "EXT 2006"]
[Source "ChessBase"]
[SourceDate "2005.11.24"]
[SourceVersion "1"]
[SourceVersionDate "2005.11.24"]
[SourceQuality "1"]

1. Nf3 c5 2. e4 Nc6 3. d4 cxd4 4. Nxd4 Nf6 5. Nc3 d6 6. Be2 g6 7. Be3 Bg7 8. 0-0 0-0 9. Qd2 Ng4 10. Nxc6 bxc6 11. Bxg4 Bxg4 12. f3 Be6 13. Bd4 Bxd4+ 14. Qxd4 Qb6 15. Ne2 Bc4 16. Rfe1 Bxe2 17. Qxb6 axb6 18. Rxe2 Ra5 19. c4 Rfa8 20. b3 1/2-1/2

[Event "Ostrava op-B"]
[Site "Ostrava"]
[Date "2003.05.04"]
[Round "2"]
[White "Sulc, Jiri"]
[Black "Baron, Jaroslav"]
[Result "1-0"]
[WhiteElo "1887"]
[BlackElo "1669"]
[PlyCount "43"]
[EventDate "2003.05.03"]
[EventType "swiss"]
[EventRounds "10"]
[EventCountry "CZE"]
[SourceTitle "EXT 2006"]
[Source "ChessBase"]
[SourceDate "2005.11.24"]
[SourceVersion "1"]
[SourceVersionDate "2005.11.24"]
[SourceQuality "1"]

1. d4 d5 2. c4 e6 3. Nf3 Nf6 4. Bg5 Be7 5. e3 b6 6. cxd5 Nxd5 7. Bxe7 Nxe7 8. Nc3 0-0 9. Bd3 g6 10. 0-0 Bb7 11. Rc1 Nd7 12. Qe2 a5 13. Rfd1 Nf6 14. e4 c6 15. Bb1 Rc8 16. Qe3 Kg7 17. Ne2 b5 18. Ng3 h5 19. Qg5 Nh7 20. Nxh5+ Kh8 21. Qh6 Rg8 22. Ng5 1-0